000 00681nam a2200277Ia 4500
005 20260324111833.0
008 008 260324s9999 xx 000 0 eng d
020 _a9781003517481
037 _aEBOOK
040 _aCRL
040 _beng
040 _cCRL
041 _2eng
041 _aeng
084 _qCRL
100 _aDalia Streimikiene
_91140229
245 0 _aSocietal Challenges and Opportunities of Low-Carbon Energy Transformations
260 _bTaylor and Francis
260 _c2025
365 _a
365 _b305
856 _uhttp://www.taylorfrancis.com/books/9781003517481
942 _cEBOOK
999 _c1729164
_d1729164